<?xml version="1.0" encoding="UTF-8"?>
<record
    xmlns:xsi="http://www.w3.org/2001/XMLSchema-instance"
    xsi:schemaLocation="http://www.loc.gov/MARC21/slim http://www.loc.gov/standards/marcxml/schema/MARC21slim.xsd"
    xmlns="http://www.loc.gov/MARC21/slim">

  <leader>00738cam a22002051  4500</leader>
  <controlfield tag="001">sa 65000373 </controlfield>
  <controlfield tag="003">DLC</controlfield>
  <controlfield tag="005">20260227112102.0</controlfield>
  <controlfield tag="008">890913s1964    io            000 0 ind  </controlfield>
  <datafield tag="010" ind1=" " ind2=" ">
    <subfield code="a">sa 65000373 </subfield>
  </datafield>
  <datafield tag="035" ind1=" " ind2=" ">
    <subfield code="a">(OCoLC)23536954</subfield>
  </datafield>
  <datafield tag="040" ind1=" " ind2=" ">
    <subfield code="a">DLC</subfield>
    <subfield code="c">MiU</subfield>
    <subfield code="d">DLC</subfield>
  </datafield>
  <datafield tag="042" ind1=" " ind2=" ">
    <subfield code="a">premarc</subfield>
  </datafield>
  <datafield tag="050" ind1="0" ind2="0">
    <subfield code="a">DS644.2.1964</subfield>
    <subfield code="b">.S82</subfield>
  </datafield>
  <datafield tag="100" ind1="0" ind2=" ">
    <subfield code="a">Soekarno,</subfield>
    <subfield code="d">1901-1970.</subfield>
  </datafield>
  <datafield tag="245" ind1="1" ind2="0">
    <subfield code="a">Djadikan Indonesia Poros The New Emerging Forces!</subfield>
    <subfield code="b">Amanat pada resepsi penutupan Kongres Persatuan Wanita Kristen Indonesia pada tanggal 28 Februari 1964,</subfield>
    <subfield code="c">di Istana Olahraga Gelora Bung Karno, Senajan, Djakarta.</subfield>
  </datafield>
  <datafield tag="260" ind1=" " ind2=" ">
    <subfield code="a">[Djakarta]</subfield>
    <subfield code="b">Departemen Penerangan</subfield>
    <subfield code="c">[cover 1964]</subfield>
  </datafield>
  <datafield tag="300" ind1=" " ind2=" ">
    <subfield code="a">14 p.</subfield>
    <subfield code="b">port.</subfield>
    <subfield code="c">21 cm.</subfield>
  </datafield>
  <datafield tag="500" ind1=" " ind2=" ">
    <subfield code="a">"Penerbitan chusus, 304."</subfield>
  </datafield>
  <datafield tag="999" ind1=" " ind2=" ">
    <subfield code="c">61527</subfield>
    <subfield code="d">61527</subfield>
  </datafield>
</record>
